Time-saver standards for urban design / (Record no. 5453)

MARC details
000 -LEADER
fixed length control field 00608nam a2200205 ar4500
001 - CONTROL NUMBER
control field 5456
005 - DATE AND TIME OF LATEST TRANSACTION
control field 20221127091138.0
008 - FIXED-LENGTH DATA ELEMENTS--GENERAL INFORMATION
fixed length control field 052922s ||| 00010|eng d
020 ## - INTERNATIONAL STANDARD BOOK NUMBER
International Standard Book Number 9780070685079 (hbk)
Canceled/invalid ISBN SR 440
082 04 - DEWEY DECIMAL CLASSIFICATION NUMBER
Classification number 711.4 W514 2003
100 1# - MAIN ENTRY--PERSONAL NAME
Personal name Watson, Donald
245 10 - TITLE STATEMENT
Title Time-saver standards for urban design /
Statement of responsibility, etc. Donald Watson, Alan plattus,
250 ## - EDITION STATEMENT
Edition statement 1st.ed.
260 ## - PUBLICATION, DISTRIBUTION, ETC.
Place of publication, distribution, etc. New York,
Name of publisher, distributor, etc. McGraw-Hill,
Date of publication, distribution, etc. 2003
300 ## - PHYSICAL DESCRIPTION
Extent 960 p.
Other physical details ill.col.
Dimensions 28 cm.
500 ## - GENERAL NOTE
General note Include bibl.references and index
650 #4 - SUBJECT ADDED ENTRY--TOPICAL TERM
Topical term or geographic name entry element Architectural design
650 #4 - SUBJECT ADDED ENTRY--TOPICAL TERM
Topical term or geographic name entry element City planning
700 0# - ADDED ENTRY--PERSONAL NAME
Personal name Shibley, Robert G.
Holdings
Withdrawn status Lost status Source of classification or shelving scheme Damaged status Not for loan Home library Current library Date acquired Total Checkouts Full call number Barcode Date last seen Copy number Price effective from Koha item type
              11/27/2022   711.4 W514 2003 1000000024012 11/27/2022 C1 11/27/2022 Book